000 01205naa a22003377a 4500
001 BR8002095
003 BR-BrBNA
005 20240918174545.0
007 ta
008 230509b bl.||||| |||| 00| 0 por d
040 _aBR-BrBNA
_bpor
_cBiblioteca Nacional de Agricultura
041 _a(Pt)
072 _aE30; L00
_b5213
_b9702
_b3730
_bG514
090 _aE30 BR8002095
100 1 _aPeixoto, A.M.
111 1 _a3. Simposio sobre Manejo de Bovinos no Tropico
_cBotucatu, SP (Brazil)
_d1978
245 1 _aIndices de produtividade da pecuaria de corte [Suprimento de alimento; Carne; Proteina; Brasil]
260 3 _aCampinas, SP (Brasil):
_c1980.
500 _aAnais do 3. Simposio sobre Manejo de Bovinos no Tropico Campinas, SP (Brasil): 1980. p. 8-42 (BR8002095-AM)E30
650 _aDesenvolvimento agricola
650 _aProducao animal
650 _aGado de corte
650 _aCarne
650 _aProteina
650 _aRendimento
650 _aConsumo
650 _aSuprimento de alimento
773 0 _tAnais do 3. Simposio sobre Manejo de Bovinos no Tropico
_wE30 BR8002095
_gCampinas, SP (Brasil), 1980. p. 8-42
909 _a202404
_bLucia
_c55
_dLucia Elande
942 _cAM
_2AGRIS
999 _c311984
_d311984